Top 15 des sons les plus streamés de La Rvfleuze - Statistiques

Statistiques générales
  • Ce quiz a été pris 110 fois
  • Le résultat moyen est 3 sur 15
Answers on the Grid
Answers color-coded by a green-red scale on the quiz's grid according to % correct below.
P.I.B
Lewis Hamilton
VMA
Jamie Bynoe-Gittens (feat. PLK)
Serrure #667
RASTA (feat. Himra)
Serrure #2
Serrure #4
Redbull
Connexion Macabre (feat. Leto)
Tie Break
Serrure #1
Crypto (feat. Hamza)
KAT (feat. Gazo)
Serrure #3
VPE
Serrure XXX
Draymond Green (feat. Shippeur)
Argent Sale - A COLORS SHOW
BOOSKA CHAUD COLAT
Machiavel
312-391
Fitness Park
Serrure #5
Verisure
LAUTARO
RKO (feat. Gazo)
Bêtise
Money In The Bank
GARANTIE (feat. Gims)
 
Statistiques - réponses
Réponse % Correct
P.I.B
79%
Lewis Hamilton
53%
KAT (feat. Gazo)
30%
Serrure #667
30%
Connexion Macabre (feat. Leto)
26%
Serrure #5
23%
Serrure #3
16%
Serrure #2
14%
VMA
12%
Money In The Bank
9%
GARANTIE (feat. Gims)
7%
RASTA (feat. Himra)
7%
Serrure #1
7%
BOOSKA CHAUD COLAT
5%
Redbull
5%
Aucun quiz correspondant
Distribution des résultats
% des personnes avec chaque résultat
Percentile par nombre de réponses
Votre historique - résultats
Vous n’avez pas pris ce quiz